000
00298nam a22001097a 4500
082
_a
621.31042 ,DUR'I
100
_a
DURRANI, K. E
_9
80526
245
_a
AN INTRODUCTION TO ELECTRICAL MACHINES ANALYSIS ,BASIC MATHEMATICAL MODELS
260
_a
LAHORE
_b
NATIONAL
_c
1979
300
_a
VOL-1
942
_c
BK
999
_c
585450
_d
585450